| 000 | 02009nam a2200205Ia 4500 | ||
|---|---|---|---|
| 003 | Ost | ||
| 005 | 20260507075732.0 | ||
| 008 | 260507s9999||||xx |||||||||||||| ||und|| | ||
| 040 | _cfsecg | ||
| 041 | _aara | ||
| 082 | _a658.8 | ||
| 100 |
_aالصحن، محمد فريد _eمؤلف |
||
| 245 | 0 |
_aقراءات في الادارة التسويق / _c محمد فريد الصحن |
|
| 260 |
_aالاسكندرية: _bالدار الجامعية, _c2004 |
||
| 300 |
_a416 صفحة؛ _c24 سم |
||
| 520 | _aيتناول هذا الكتاب دور التسويق في المنظمات الحديثة ? التركيز على المستهلك كمدخل تسويقي للنجاح التسويقي ? تحقيق رضا العميل من خلال الجودة والخدمة القيمة وقد قسم هذا إلى مايلي : الفصل الاول : دور التسويق فى المنظمات الحديثة-الفصل الثانى : التركيز على المستهلك كمدخل للنجاح التسويقى-الفصل الثالث : تحقيق رضا العميل من خلال الجودة والرضا والقيمة-الفصل الرابع : دور التسويق فى التخطيط الاستراتيجى-الفصل الخامس : العملية التسويقية واعداد الخطة التسويقية-الفصل السادس : البيع الشخصى-الفصل السابع : الاعلان-الفصل الثامن : برامج تنشيط المبيعات والعلاقات العامة والتسويق المباشر-الفصل التاسع : منشات التوزيع-الفصل العاشر : استراتيجية التوزيع-الفصل الحادى عشر : تقييم الاداء التوزيعى-الفصل الثانى عشر : تسويق الخدمات-الفصل الثالث عشر : التسويق الاجتماعى-الفصل الرابع عشر : التسويق الداخلى . | ||
| 653 | _aالتسويق | ||
| 653 | _aالمستهلكون | ||
| 942 | _cكتاب | ||
| 999 |
_c46049 _d46049 |
||